Statistics for Guess Where is the country

Click here to take the quiz!

General Stats

  • This quiz has been taken 144 times
  • The average score is 5 of 6

Answer Stats

QuestionAnswer% Correct
EritreaAfrica
92%
NepalAsia
92%
LaosAsia
90%
MaliAfrica
89%
El SalvadorNorth America
70%
GrenadaNorth America
63%

Score Distribution

Percentile by Number Answered

Percent of People with Each Score

Your Score History

You have not taken this quiz